| 000 | 00747nam a22002657a 4500 | ||
|---|---|---|---|
| 003 | CHAP | ||
| 005 | 20220329140450.0 | ||
| 008 | 971013s1979 r 00010 d | ||
| 010 | _a52362 | ||
| 011 | _a53334 | ||
| 035 | _a57484 | ||
| 040 | _cCHAP | ||
| 082 |
_a636.9 _bP6 1979 |
||
| 100 | 0 | 0 |
_aPortsmouth, J. I. _991014 |
| 245 | _aCommercial rabbit meat production | ||
| 250 | _a2 ed. | ||
| 260 |
_aSurrey, England : _bSaiga, _c1979 |
||
| 300 |
_a142 p. _b: ilus. ; láms. |
||
| 590 |
_aBATCH-UPD _b10 _c20130110 _lUCH01 _h2111 |
||
| 590 |
_aCONVERSION _b10 _c20130109 _lUCH01 _h1328 |
||
| 650 | 1 | 4 |
_aCunicultura. _930449 |
| 901 | _aBK | ||
| 942 | _cLIBRO | ||
| 949 |
_a636.9 P6 1979 _bBC _cLIBRO _d33724000106563 _eLIBRO _h50802 _i57484 _si _t400.00 |
||
| 999 |
_c52362 _d52362 |
||